000 00514nam a2200193Ia 4500
005 20250508163303.0
008 008 250505s9999 xx 000 0 eng d
037 _aTheses
040 _aFEDL
_beng
_cFEDL
041 _aeng
_2eng
084 _a370.7, SUK/TH
_qFEDL
100 _aSukhia S P
245 0 _aEvaluation of current supervisory practices
260 _c1973
300 _a250p.
546 _aPH.D Thesis (Agra University)
942 _cTH
_h370.7, SUK/TH
999 _c1382051
_d1382051